[Event "Norderstedt op"]
[Site "Norderstedt"]
[Date "2013.03.29"]
[Round "3"]
[White "Petrosyan, Tigran"]
[Black "Gerdts, Martina"]
[Result "0-1"]
[WhiteElo "1925"]
[BlackElo "1312"]
[PlyCount "70"]
[EventDate "2013.03.28"]
[EventType "swiss"]
[EventRounds "9"]
[EventCountry "GER"]
[SourceTitle "EXT 2015"]
[Source "ChessBase"]
[SourceDate "2014.11.20"]
[SourceVersion "1"]
[SourceVersionDate "2014.11.20"]
[SourceQuality "1"]

1. e4 d6 2. Nf3 Nf6 3. Nc3 g6 4. d4 Bg7 5. Bg5 O-O 6. Bc4 Nbd7 7. O-O h6 8.
Bxf6 Nxf6 9. d5 a6 10. a4 Re8 11. h3 e6 12. dxe6 Bxe6 13. Bxe6 Rxe6 14. b4 Nxe4
15. Nxe4 Rxe4 16. c3 Bxc3 17. Ra3 Bxb4 18. Rb3 b6 19. Qd3 d5 20. Re1 Bxe1 21.
Nxe1 Rxe1+ 22. Kh2 Qd6+ 23. g3 a5 24. Qf3 Rae8 25. h4 c5 26. Re3 R8xe3 27. fxe3
d4 28. e4 d3 29. Qf2 Re2 30. Kg2 Qd4 31. Qxe2 dxe2 32. Kf3 e1=Q 33. Kf4 Qf6+
34. Kg4 h5+ 35. Kh3 Qh1# 0-1

[Event "Norderstedt op"]
[Site "Norderstedt"]
[Date "2013.03.30"]
[Round "4"]
[White "Schmidtmann, Samantha"]
[Black "Petrosyan, Tigran"]
[Result "1-0"]
[WhiteElo "1214"]
[BlackElo "1925"]
[PlyCount "31"]
[EventDate "2013.03.28"]
[EventType "swiss"]
[EventRounds "9"]
[EventCountry "GER"]
[SourceTitle "EXT 2015"]
[Source "ChessBase"]
[SourceDate "2014.11.20"]
[SourceVersion "1"]
[SourceVersionDate "2014.11.20"]
[SourceQuality "1"]

1. e4 e5 2. Nf3 Nc6 3. Bc4 Bc5 4. c3 a6 5. d4 exd4 6. cxd4 Bxd4 7. Nxd4 Nxd4 8.
Qxd4 Nf6 9. Bg5 b5 10. Bd5 c6 11. Bb3 O-O 12. e5 Re8 13. O-O Re6 14. Bxe6 dxe6
15. Qxd8+ Ne8 16. Qxe8# 1-0

[Event "Norderstedt op"]
[Site "Norderstedt"]
[Date "2013.03.30"]
[Round "5"]
[White "Petrosyan, Tigran"]
[Black "Svane, Minna"]
[Result "1/2-1/2"]
[WhiteElo "1925"]
[BlackElo "1288"]
[PlyCount "76"]
[EventDate "2013.03.28"]
[EventType "swiss"]
[EventRounds "9"]
[EventCountry "GER"]
[SourceTitle "EXT 2015"]
[Source "ChessBase"]
[SourceDate "2014.11.20"]
[SourceVersion "1"]
[SourceVersionDate "2014.11.20"]
[SourceQuality "1"]

1. e4 d6 2. Nf3 Nf6 3. Nc3 g6 4. d4 Bg7 5. Bg5 h6 6. Bf4 Nbd7 7. g3 c5 8. d5 a6
9. Bg2 Nh5 10. Be3 Ne5 11. Nxe5 Bxe5 12. O-O Bg7 13. Qd3 O-O 14. Rad1 Bd7 15.
a4 Qc8 16. Qc4 f5 17. exf5 Bxf5 18. Rd2 Bh3 19. Bxh3 Qxh3 20. Ne4 Kh7 21. b3
Rf7 22. c3 Raf8 23. Re2 Nf6 24. Nxf6+ Bxf6 25. Qd3 Bg5 26. f4 Bf6 27. a5 Qg4
28. b4 h5 29. bxc5 h4 30. Bf2 hxg3 31. hxg3 Kg7 32. c4 Rh8 33. Be3 Qh3 34. Kf2
Qh2+ 35. Kf3 Qh5+ 36. Kg2 Qh2+ 37. Kf3 Qh5+ 38. Kg2 Qh2+ 1/2-1/2

[Event "Norderstedt op"]
[Site "Norderstedt"]
[Date "2013.03.31"]
[Round "6"]
[White "Petrosyan, Tigran"]
[Black "Svane, Freja"]
[Result "1-0"]
[WhiteElo "1925"]
[BlackElo "858"]
[PlyCount "23"]
[EventDate "2013.03.28"]
[EventType "swiss"]
[EventRounds "9"]
[EventCountry "GER"]
[SourceTitle "EXT 2015"]
[Source "ChessBase"]
[SourceDate "2014.11.20"]
[SourceVersion "1"]
[SourceVersionDate "2014.11.20"]
[SourceQuality "1"]

1. e4 e5 2. Nf3 Nc6 3. Nc3 Bb4 4. Bb5 a6 5. Bc4 Nf6 6. O-O Bxc3 7. bxc3 Nxe4 8.
d4 Nxc3 9. Qd3 e4 10. Qxc3 exf3 11. Qxf3 Nxd4 12. Qxf7# 1-0

[Event "Norderstedt op"]
[Site "Norderstedt"]
[Date "2013.03.31"]
[Round "7"]
[White "Schellin, Anton"]
[Black "Petrosyan, Tigran"]
[Result "1-0"]
[WhiteElo "1573"]
[BlackElo "1925"]
[PlyCount "53"]
[EventDate "2013.03.28"]
[EventType "swiss"]
[EventRounds "9"]
[EventCountry "GER"]
[SourceTitle "EXT 2015"]
[Source "ChessBase"]
[SourceDate "2014.11.20"]
[SourceVersion "1"]
[SourceVersionDate "2014.11.20"]
[SourceQuality "1"]

1. e4 e5 2. Nf3 Nc6 3. Bb5 Nf6 4. O-O Bc5 5. Nxe5 Nxe5 6. d4 Bd6 7. f4 Nc6 8.
e5 Bb4 9. exf6 Qxf6 10. c3 Bd6 11. Nd2 Bxf4 12. Ne4 Qf5 13. Bxc6 dxc6 14. Rxf4
Qb5 15. Qe1 O-O 16. Qf2 f6 17. Qg3 g5 18. Rxf6 Rxf6 19. Nxf6+ Kg7 20. Ne8+ Kf8
21. Nxc7 Qa5 22. Nxa8 h5 23. Bxg5 Ke8 24. Re1+ Kd7 25. Re7+ Kd8 26. Qd6+ Bd7
27. Qxd7# 1-0

[Event "Norderstedt op"]
[Site "Norderstedt"]
[Date "2013.04.01"]
[Round "8"]
[White "Petrosyan, Tigran"]
[Black "Klawitter, Rolf"]
[Result "0-1"]
[WhiteElo "1925"]
[BlackElo "1315"]
[PlyCount "54"]
[EventDate "2013.03.28"]
[EventType "swiss"]
[EventRounds "9"]
[EventCountry "GER"]
[SourceTitle "EXT 2015"]
[Source "ChessBase"]
[SourceDate "2014.11.20"]
[SourceVersion "1"]
[SourceVersionDate "2014.11.20"]
[SourceQuality "1"]

1. e4 e6 2. Nf3 d5 3. exd5 Qxd5 4. Nc3 Qd8 5. d4 Nf6 6. Bg5 h6 7. Bf4 a6 8. Bc4
Bb4 9. a3 Ba5 10. b4 Bb6 11. O-O O-O 12. Be5 Nbd7 13. b5 Nxe5 14. dxe5 Nd7 15.
h3 c6 16. bxa6 bxa6 17. Na4 Ba7 18. c3 Qc7 19. Qe2 Bb7 20. Bd3 c5 21. Nh4 Nxe5
22. Bb1 g5 23. Qc2 f5 24. Nf3 Qc6 25. Ne1 c4 26. Qe2 Nd3 27. Nxd3 Qxg2# 0-1

[Event "Norderstedt op"]
[Site "Norderstedt"]
[Date "2013.04.01"]
[Round "9"]
[White "Petrosyan, Tigran"]
[Black "Wulf, Doris"]
[Result "0-1"]
[WhiteElo "1925"]
[BlackElo "1162"]
[PlyCount "96"]
[EventDate "2013.03.28"]
[EventType "swiss"]
[EventRounds "9"]
[EventCountry "GER"]
[SourceTitle "EXT 2015"]
[Source "ChessBase"]
[SourceDate "2014.11.20"]
[SourceVersion "1"]
[SourceVersionDate "2014.11.20"]
[SourceQuality "1"]

1. e4 c5 2. Nf3 e6 3. Nc3 a6 4. Bc4 b5 5. Be2 Nc6 6. O-O Bb7 7. d4 cxd4 8. Nxd4
Bc5 9. Nxc6 Bxc6 10. Bf4 Ne7 11. Bd6 Bb6 12. Be5 O-O 13. b3 Re8 14. Qb1 d6 15.
Bg3 Ng6 16. Bh5 Bd4 17. Qb2 b4 18. Bxg6 hxg6 19. Rad1 Bxc3 20. Qc1 e5 21. Rd3
Bb5 22. Rfd1 Bxd3 23. cxd3 Rc8 24. a3 a5 25. a4 Bd4 26. Qd2 Rc3 27. Qb2 Rxd3
28. Qc1 Rxd1+ 29. Qxd1 d5 30. exd5 Qxd5 31. Kf1 Rd8 32. Bh4 Bc3 33. Qg4 Qd3+
34. Qe2 Qxe2+ 35. Kxe2 Rd2+ 36. Ke3 Rb2 37. f4 exf4+ 38. Kxf4 Rxb3 39. Bd8 Ra3
40. Bxa5 Rxa4 41. Bb6 b3+ 42. Ke3 b2 43. Kd3 b1=Q+ 44. Kxc3 Qxb6 45. Kc2 Qd4
46. Kb3 Qc4+ 47. Kb2 Rb4+ 48. Ka3 Qb3# 0-1

[Event "Chennai op"]
[Site "Chennai"]
[Date "2013.11.17"]
[Round "4"]
[White "Petrosyan, Tigran S"]
[Black "Swapnil, S Dhopade"]
[Result "1/2-1/2"]
[WhiteElo "2389"]
[BlackElo "2454"]
[PlyCount "72"]
[EventDate "2013.11.15"]
[EventType "swiss"]
[EventRounds "11"]
[EventCountry "IND"]
[SourceTitle "CBM 157 Extra"]
[Source "ChessBase"]
[SourceDate "2013.12.19"]
[SourceVersion "1"]
[SourceVersionDate "2013.12.19"]
[SourceQuality "1"]

1. e4 c6 2. d4 d5 3. Nc3 dxe4 4. Nxe4 Bf5 5. Ng3 Bg6 6. N1e2 e6 7. Nf4 Bd6 8.
h4 Qc7 9. Nxg6 hxg6 10. Ne4 Bf4 11. Bxf4 Qxf4 12. Ng5 Nf6 13. g3 Qd6 14. c3 O-O
15. Bg2 e5 16. Qb3 Qc7 17. O-O-O Nbd7 18. Rhe1 a5 19. Bh3 a4 20. Qc2 exd4 21.
Rxd4 Nc5 22. Kb1 Rae8 23. Rdd1 Rxe1 24. Rxe1 Rd8 25. Bf1 b5 26. Rd1 Rxd1+ 27.
Qxd1 Nfd7 28. Qd4 f6 29. Ne4 Ne6 30. Qe3 Kf7 31. Bg2 f5 32. Ng5+ Nxg5 33. Qxg5
Qd6 34. h5 gxh5 35. Qxf5+ Nf6 36. Qf3 Qd2 1/2-1/2

[Event "Chennai op"]
[Site "Chennai"]
[Date "2013.11.18"]
[Round "5"]
[White "Babujian, Levon"]
[Black "Petrosyan, Tigran S"]
[Result "1-0"]
[WhiteElo "2510"]
[BlackElo "2389"]
[PlyCount "79"]
[EventDate "2013.11.15"]
[EventType "swiss"]
[EventRounds "11"]
[EventCountry "IND"]
[SourceTitle "CBM 157 Extra"]
[Source "ChessBase"]
[SourceDate "2013.12.19"]
[SourceVersion "1"]
[SourceVersionDate "2013.12.19"]
[SourceQuality "1"]

1. e4 e5 2. Nc3 Nf6 3. Bc4 Nc6 4. d3 Na5 5. Nge2 Nxc4 6. dxc4 Be7 7. O-O d6 8.
Qd3 O-O 9. Ng3 c6 10. Rd1 Be6 11. b3 Qc7 12. h3 Rad8 13. Qf3 a6 14. a4 b5 15.
axb5 axb5 16. cxb5 cxb5 17. Ba3 Qb7 18. Bb4 Ne8 19. Nf5 Bxf5 20. Qxf5 Nc7 21.
Ba5 g6 22. Qg4 h5 23. Qe2 Rc8 24. Bxc7 Qxc7 25. Nd5 Qb7 26. c3 Ra8 27. Rxa8
Rxa8 28. Nxe7+ Qxe7 29. Qxb5 Qc7 30. Qd5 Rb8 31. Rd3 Rb6 32. Rf3 Kg7 33. b4 Qd7
34. h4 Kg8 35. g3 Kg7 36. Kg2 Qe8 37. Qb3 Qd7 38. c4 f5 39. exf5 gxf5 40. Qe3
1-0

[Event "Chennai op"]
[Site "Chennai"]
[Date "2013.11.21"]
[Round "9"]
[White "Mirzoev, Azer"]
[Black "Petrosyan, Tigran S"]
[Result "1/2-1/2"]
[WhiteElo "2519"]
[BlackElo "2389"]
[PlyCount "73"]
[EventDate "2013.11.15"]
[EventType "swiss"]
[EventRounds "11"]
[EventCountry "IND"]
[SourceTitle "CBM 157 Extra"]
[Source "ChessBase"]
[SourceDate "2013.12.19"]
[SourceVersion "1"]
[SourceVersionDate "2013.12.19"]
[SourceQuality "1"]

1. d4 d5 2. Nf3 Nf6 3. c4 c6 4. Nc3 dxc4 5. e3 b5 6. a4 b4 7. Na2 e6 8. Bxc4
Be7 9. O-O O-O 10. Qe2 Bb7 11. Rd1 Nbd7 12. b3 a5 13. Bb2 c5 14. Nc1 Qb6 15.
Nd3 Ne4 16. Nfe5 Nxe5 17. dxe5 h6 18. f3 Ng5 19. Nf2 Rfd8 20. e4 Nh7 21. f4
Rxd1+ 22. Rxd1 Rd8 23. Rxd8+ Bxd8 24. Qd3 Qc7 25. Bb5 Be7 26. Nd1 Nf8 27. Ne3
Qd8 28. Qc2 c4 29. Qxc4 Qd2 30. Qc1 Qxc1+ 31. Bxc1 Bc5 32. Bd3 Nd7 33. Kf2 Bd4
34. Bc2 Nc5 35. Kf3 Ba6 36. Nd1 Nd3 37. Bd2 1/2-1/2

[Event "Hyderabad op 2nd"]
[Site "Hyderabad"]
[Date "2013.11.30"]
[Round "7"]
[White "Deepan Chakkravarthy, J."]
[Black "Petrosyan, Tigran S"]
[Result "1-0"]
[WhiteElo "2471"]
[BlackElo "2389"]
[PlyCount "97"]
[EventDate "2013.11.25"]
[EventType "swiss"]
[EventRounds "11"]
[EventCountry "IND"]
[SourceTitle "CBM 157 Extra"]
[Source "ChessBase"]
[SourceDate "2013.12.19"]
[SourceVersion "1"]
[SourceVersionDate "2013.12.19"]
[SourceQuality "1"]

1. c4 Nf6 2. Nc3 e5 3. d3 Nc6 4. Nf3 g6 5. g3 Bg7 6. Bg2 d6 7. O-O Bg4 8. h3
Bd7 9. Rb1 O-O 10. b4 Nh5 11. b5 Nd4 12. Nxd4 exd4 13. Nd5 c6 14. bxc6 bxc6 15.
Nf4 Nf6 16. e3 dxe3 17. Bxe3 Qc7 18. Qa4 Rfb8 19. Qa6 h5 20. Ne2 Rxb1 21. Rxb1
Rb8 22. Rxb8+ Qxb8 23. Qxa7 Qb1+ 24. Nc1 Qb4 25. Kh2 h4 26. Bg5 hxg3+ 27. fxg3
Qe1 28. Qe3 Qc3 29. Ne2 Qb2 30. a4 d5 31. a5 Be6 32. a6 Nd7 33. a7 Qb7 34. cxd5
cxd5 35. Nf4 Be5 36. Nxe6 fxe6 37. d4 Qxa7 38. dxe5 Qxe3 39. Bxe3 Nxe5 40. g4
Kf7 41. Kg3 Nd7 42. h4 Nf6 43. Bd4 Ne8 44. Be5 Nf6 45. Bxf6 Kxf6 46. g5+ Kf5
47. Bh3+ Ke5 48. h5 gxh5 49. Kh4 1-0

[Event "Hyderabad op 2nd"]
[Site "Hyderabad"]
[Date "2013.12.01"]
[Round "9"]
[White "Papin, Vasily"]
[Black "Petrosyan, Tigran S"]
[Result "1/2-1/2"]
[WhiteElo "2510"]
[BlackElo "2389"]
[PlyCount "71"]
[EventDate "2013.11.25"]
[EventType "swiss"]
[EventRounds "11"]
[EventCountry "IND"]
[SourceTitle "CBM 157 Extra"]
[Source "ChessBase"]
[SourceDate "2013.12.19"]
[SourceVersion "1"]
[SourceVersionDate "2013.12.19"]
[SourceQuality "1"]

1. c4 Nf6 2. Nf3 c6 3. Nc3 d5 4. e3 g6 5. d4 Bg7 6. Be2 O-O 7. O-O b6 8. b4 Ne4
9. Bb2 Nxc3 10. Bxc3 Bb7 11. Qb3 a6 12. a4 Nd7 13. Rfc1 e6 14. Qb2 Rc8 15. Nd2
Rc7 16. b5 axb5 17. cxd5 exd5 18. axb5 c5 19. Bf3 Re8 20. h3 Qb8 21. Nb3 c4 22.
Nd2 Nf6 23. Bb4 Rcc8 24. Ra3 Bf8 25. Nb1 Qc7 26. Nc3 Bxb4 27. Qxb4 Qd7 28. Rca1
Rc7 29. Ra7 Kg7 30. Na4 Re6 31. Nb2 h5 32. Nd1 Re8 33. h4 Re6 34. Nc3 Re8 35.
Re1 Re7 36. Qa3 1/2-1/2

[Event "Kolkata op 6th"]
[Site "Kolkata"]
[Date "2013.12.07"]
[Round "2"]
[White "Petrosyan, Tigran S"]
[Black "Borovikov, Vladislav"]
[Result "1/2-1/2"]
[WhiteElo "2383"]
[BlackElo "2557"]
[PlyCount "89"]
[EventDate "2013.12.06"]
[EventType "swiss"]
[EventRounds "10"]
[EventCountry "IND"]
[SourceTitle "CBM 157 Extra"]
[Source "ChessBase"]
[SourceDate "2013.12.19"]
[SourceVersion "1"]
[SourceVersionDate "2013.12.19"]
[SourceQuality "1"]

1. d4 d5 2. c4 c6 3. cxd5 cxd5 4. Nc3 Nf6 5. Bf4 Nc6 6. e3 a6 7. Bd3 Bg4 8.
Nge2 e6 9. O-O Be7 10. Re1 O-O 11. Na4 Nd7 12. f3 Bh5 13. Qb3 Ra7 14. Rac1 Bg6
15. Bxg6 hxg6 16. e4 Nf6 17. Nc5 Na5 18. Qc2 Qc8 19. Qb1 Nc6 20. b4 b6 21. Na4
Qb7 22. b5 axb5 23. Qxb5 Qa6 24. Qxa6 Rxa6 25. Rxc6 Rxa4 26. Nc3 Ra3 27. e5 Nd7
28. Rc7 Bd8 29. Rxd7 Rxc3 30. Rc1 Rd3 31. Rb1 Rxd4 32. Be3 Ra4 33. Rb2 g5 34.
Bd2 Re8 35. Bb4 b5 36. Rb7 Ba5 37. a3 Bxb4 38. axb4 Rea8 39. Rxb5 Ra2 40. Rxa2
Rxa2 41. Rb7 Rb2 42. b5 d4 43. b6 d3 44. Rd7 Rxb6 45. Rxd3 1/2-1/2

[Event "Kolkata op 6th"]
[Site "Kolkata"]
[Date "2013.12.07"]
[Round "3"]
[White "Mozharov, Mikhail"]
[Black "Petrosyan, Tigran S"]
[Result "1-0"]
[WhiteElo "2535"]
[BlackElo "2383"]
[PlyCount "93"]
[EventDate "2013.12.06"]
[EventType "swiss"]
[EventRounds "10"]
[EventCountry "IND"]
[SourceTitle "CBM 157 Extra"]
[Source "ChessBase"]
[SourceDate "2013.12.19"]
[SourceVersion "1"]
[SourceVersionDate "2013.12.19"]
[SourceQuality "1"]

1. e4 e5 2. Nf3 Nc6 3. Bb5 Nf6 4. d3 Bc5 5. c3 O-O 6. O-O d6 7. h3 a6 8. Ba4
Ba7 9. Re1 Ne7 10. Nbd2 Ng6 11. Nf1 h6 12. Ng3 Nh7 13. d4 Qf6 14. Be3 Ng5 15.
Nh2 Nf4 16. Kh1 g6 17. Qd2 h5 18. Bc2 Nge6 19. Rad1 Qg5 20. Rg1 Qf6 21. Bb3 Kg7
22. Rge1 Rh8 23. Ne2 g5 24. Ng3 Nf8 25. dxe5 dxe5 26. Bxa7 Rxa7 27. Nf5+ Bxf5
28. exf5 Qxf5 29. Nf3 g4 30. Nxe5 N8e6 31. Nxf7 Qxf7 32. Bxe6 Nxe6 33. Qe3 Raa8
34. Qe5+ Kh7 35. Qxe6 Qxe6 36. Rxe6 Rad8 37. Rxd8 Rxd8 38. hxg4 hxg4 39. Re7+
Kg6 40. Rxc7 b5 41. Kh2 Rd2 42. Kg3 a5 43. Rc6+ Kg7 44. b4 axb4 45. cxb4 Rxa2
46. Rc5 Rd2 47. Rxb5 1-0

[Event "Kolkata op 6th"]
[Site "Kolkata"]
[Date "2013.12.12"]
[Round "8"]
[White "Petrosyan, Tigran S"]
[Black "Hayrapetyan, Hovik"]
[Result "1-0"]
[WhiteElo "2383"]
[BlackElo "2458"]
[PlyCount "97"]
[EventDate "2013.12.06"]
[EventType "swiss"]
[EventRounds "10"]
[EventCountry "IND"]
[SourceTitle "CBM 157 Extra"]
[Source "ChessBase"]
[SourceDate "2013.12.19"]
[SourceVersion "1"]
[SourceVersionDate "2013.12.19"]
[SourceQuality "1"]

1. e4 c5 2. Nf3 e6 3. g3 b6 4. Bg2 Bb7 5. Qe2 Nc6 6. O-O Nge7 7. Rd1 Rc8 8. c3
Qc7 9. d4 cxd4 10. cxd4 d5 11. Bf4 Qd8 12. e5 Nf5 13. Nc3 Be7 14. h4 Qd7 15.
Rac1 h5 16. Bh3 g6 17. Qd2 Ba6 18. Bxf5 exf5 19. Bg5 Bxg5 20. Qxg5 Nd8 21. Qd2
Ne6 22. Ng5 O-O 23. Nh3 Rc4 24. Qe3 Rfc8 25. Nf4 Nxf4 26. Qxf4 b5 27. a3 Bb7
28. Na2 a5 29. Qd2 Qc7 30. Rc3 Kg7 31. Rdc1 Qe7 32. Qg5 Qe6 33. b3 Rxd4 34.
Qf6+ Qxf6 35. exf6+ Kxf6 36. Rxc8 Bxc8 37. Rxc8 f4 38. gxf4 Rd1+ 39. Kg2 d4 40.
Rc5 Ke6 41. Rxb5 Ra1 42. Re5+ Kd6 43. Re2 Kd5 44. Rd2 Ke4 45. Rb2 d3 46. b4 Kd4
47. bxa5 Re1 48. Kf3 Re6 49. Rd2 1-0

[Event "Kolkata op 6th"]
[Site "Kolkata"]
[Date "2013.12.14"]
[Round "10"]
[White "Sanikidze, Tornike"]
[Black "Petrosyan, Tigran S"]
[Result "0-1"]
[WhiteElo "2553"]
[BlackElo "2383"]
[PlyCount "100"]
[EventDate "2013.12.06"]
[EventType "swiss"]
[EventRounds "10"]
[EventCountry "IND"]
[SourceTitle "CBM 157 Extra"]
[Source "ChessBase"]
[SourceDate "2013.12.19"]
[SourceVersion "1"]
[SourceVersionDate "2013.12.19"]
[SourceQuality "1"]

1. d4 d5 2. c4 c6 3. Nf3 Nf6 4. Nc3 dxc4 5. e3 b5 6. a4 b4 7. Nb1 Ba6 8. Be2 e6
9. O-O Qd5 10. Ne5 Nfd7 11. f4 Nxe5 12. fxe5 Be7 13. Bf3 Qa5 14. Be4 O-O 15.
Qf3 Nd7 16. Bxc6 Rad8 17. Nd2 c3 18. Nb3 Qb6 19. Bb5 Bb7 20. Qe2 Bd5 21. Bc4
Qc6 22. Na5 Qc7 23. Bxd5 exd5 24. Qb5 a6 25. Qxa6 Ra8 26. Qc6 Qxa5 27. Qxd7 Ra7
28. Qg4 Qb6 29. bxc3 bxc3 30. Qd1 Rc8 31. Qc2 Rc4 32. Ba3 Qh6 33. Qf2 Bg5 34.
Bc1 Qc6 35. a5 Bd8 36. e4 Qe6 37. a6 Rc6 38. Be3 Rcxa6 39. Rxa6 Rxa6 40. Qf3
dxe4 41. Qxe4 Qd7 42. Rc1 Rc6 43. d5 Rc8 44. Bd4 Ba5 45. Rc2 Rc4 46. d6 Qd8 47.
e6 Rxd4 48. exf7+ Kf8 49. Qxh7 Rd1+ 50. Kf2 Qf6+ 0-1

[Event "EU-ch 15th"]
[Site "Yerevan"]
[Date "2014.03.14"]
[Round "11"]
[White "Deac, Bogdan Daniel"]
[Black "Petrosyan, Tigran S"]
[Result "1/2-1/2"]
[WhiteElo "2322"]
[BlackElo "2425"]
[PlyCount "26"]
[EventDate "2014.03.03"]
[EventType "swiss"]
[EventRounds "11"]
[EventCountry "ARM"]
[SourceTitle "CBM 160"]
[Source "ChessBase"]
[SourceDate "2014.05.15"]
[SourceVersion "1"]
[SourceVersionDate "2014.05.15"]
[SourceQuality "1"]

1. e4 e5 2. Nf3 Nc6 3. Bb5 Nf6 4. d3 Bc5 5. O-O d6 6. c3 O-O 7. Nbd2 a6 8. Ba4
Ba7 9. Bb3 Ne7 10. d4 Ng6 11. Ne1 h6 12. h3 Re8 13. Bc2 Nh7 1/2-1/2

[Event "Albena Masters op"]
[Site "Albena"]
[Date "2014.06.01"]
[Round "1"]
[White "Petrosyan, Tigran S"]
[Black "Low, Zhen Yu Cyrus"]
[Result "1-0"]
[WhiteElo "2416"]
[BlackElo "1961"]
[PlyCount "127"]
[EventDate "2014.06.01"]
[EventType "swiss"]
[EventRounds "9"]
[EventCountry "BUL"]
[SourceTitle "CBM 160 Extra"]
[Source "ChessBase"]
[SourceDate "2014.07.01"]
[SourceVersion "1"]
[SourceVersionDate "2014.07.01"]
[SourceQuality "1"]

1. Nf3 Nf6 2. c4 e6 3. Nc3 d5 4. d4 Bb4 5. cxd5 exd5 6. Bg5 h6 7. Bxf6 Qxf6 8.
Qb3 c5 9. e3 O-O 10. dxc5 Bxc3+ 11. Qxc3 Qxc3+ 12. bxc3 Be6 13. Nd4 Nd7 14. c6
bxc6 15. Nxc6 Kh8 16. Nd4 Rfc8 17. Kd2 Rab8 18. Bd3 Rb2+ 19. Bc2 Nc5 20. Kc1
Rb7 21. Rb1 Rbc7 22. Kd2 Nd7 23. Nb5 Rc5 24. Bd3 Ne5 25. Be2 Bf5 26. Rb3 Nc4+
27. Bxc4 dxc4 28. Rb4 a5 29. Rb2 Rb8 30. a4 Bd7 31. Ke2 Re5 32. Rhb1 Bf5 33.
Nd6 Bd3+ 34. Ke1 Rf8 35. Rb8 Kg8 36. R1b5 Re6 37. Rxf8+ Kxf8 38. Nb7 Bc2 39.
Rxa5 Rb6 40. Rb5 Rg6 41. Nc5 Rxg2 42. a5 Rg1+ 43. Kd2 Bf5 44. e4 Bg4 45. a6 Ra1
46. Rb7 g5 47. a7 Kg7 48. Ke3 Kf6 49. f3 Be6 50. Nxe6 fxe6 51. Kd4 Ra4 52. h3
Kg6 53. Kc5 Kh5 54. Kb6 Kh4 55. Rh7 Kxh3 56. Rxh6+ Kg3 57. Rxe6 Kxf3 58. Re8 g4
59. e5 Ke4 60. e6 Ke5 61. e7 Kd6 62. a8=Q Rxa8 63. Rxa8 Kxe7 64. Rg8 1-0

[Event "Albena Masters op"]
[Site "Albena"]
[Date "2014.06.02"]
[Round "2"]
[White "Solak, Dragan"]
[Black "Petrosyan, Tigran S"]
[Result "1/2-1/2"]
[WhiteElo "2627"]
[BlackElo "2416"]
[PlyCount "124"]
[EventDate "2014.06.01"]
[EventType "swiss"]
[EventRounds "9"]
[EventCountry "BUL"]
[SourceTitle "CBM 160 Extra"]
[Source "ChessBase"]
[SourceDate "2014.07.01"]
[SourceVersion "1"]
[SourceVersionDate "2014.07.01"]
[SourceQuality "1"]

1. e4 e5 2. Nf3 Nc6 3. Bb5 a6 4. Bxc6 dxc6 5. O-O f6 6. d4 Bg4 7. dxe5 Qxd1 8.
Rxd1 fxe5 9. Be3 Bd6 10. Re1 Bxf3 11. gxf3 Ne7 12. Kf1 O-O 13. Ke2 Ng6 14. Rg1
Nf4+ 15. Bxf4 Rxf4 16. Rg4 Rf6 17. Nd2 g6 18. Rag1 Kg7 19. R4g3 h5 20. Rg5 Kf7
21. Nc4 Re8 22. Rd1 b6 23. Rd3 Re7 24. a3 a5 25. a4 Kg7 26. Rg1 Ree6 27. c3 Kf8
28. Rgd1 Ke7 29. b4 axb4 30. cxb4 Rf8 31. b5 cxb5 32. axb5 Ra8 33. Rd5 Ra2+ 34.
R1d2 Rxd2+ 35. Rxd2 Bc5 36. Rd5 Kf6 37. h4 Re8 38. Kf1 Re6 39. Kg2 Re7 40. Rd8
Re6 41. Rc8 Re7 42. Kg3 Ke6 43. Rg8 Kf6 44. Rd8 Re6 45. Rc8 Re7 46. Rd8 Re6 47.
Rc8 Re7 48. Rf8+ Kg7 49. Rd8 Kf7 50. Nb2 Kf6 51. Nd3 Bd6 52. Nc1 Rg7 53. Ne2 g5
54. Nc3 gxh4+ 55. Kxh4 Rg2 56. Nd5+ Ke6 57. Kxh5 Rxf2 58. Kg4 Rg2+ 59. Kh3 Rb2
60. Re8+ Kf7 61. Rd8 Rxb5 62. Nxc7 Bxc7 1/2-1/2

[Event "Albena Masters op"]
[Site "Albena"]
[Date "2014.06.03"]
[Round "3"]
[White "Petrosian, Tigran L"]
[Black "Petrosyan, Tigran S"]
[Result "1-0"]
[WhiteElo "2624"]
[BlackElo "2416"]
[PlyCount "95"]
[EventDate "2014.06.01"]
[EventType "swiss"]
[EventRounds "9"]
[EventCountry "BUL"]
[SourceTitle "CBM 160 Extra"]
[Source "ChessBase"]
[SourceDate "2014.07.01"]
[SourceVersion "1"]
[SourceVersionDate "2014.07.01"]
[SourceQuality "1"]

1. Nf3 d5 2. g3 c6 3. Bg2 Bg4 4. h3 Bxf3 5. Bxf3 Nd7 6. Bg2 e6 7. O-O Bd6 8. d3
Ngf6 9. e4 dxe4 10. dxe4 Qe7 11. Nd2 e5 12. Nc4 Bc7 13. a4 O-O 14. Qe2 Rfd8 15.
b3 Qe8 16. Bb2 Nb6 17. Ne3 a5 18. Rfd1 Rxd1+ 19. Rxd1 Qe6 20. Bc3 g6 21. Kh2
Qe7 22. h4 Nbd7 23. Bb2 h5 24. f3 Nb6 25. Bh3 Bd6 26. Rd3 Bc5 27. Qd2 Bb4 28.
Nf5 Ng4+ 29. Bxg4 gxf5 30. c3 hxg4 31. cxb4 fxe4 32. fxe4 axb4 33. Qd1 f6 34.
Qxg4+ Qg7 35. Qe6+ Qf7 36. Qd6 Qf8 37. Qc7 Qc5 38. Rd2 Qe3 39. Rg2 Qc5 40. Qxb7
Rd8 41. a5 Nc8 42. a6 Na7 43. h5 Nb5 44. Kh3 Rd1 45. Qc8+ Kf7 46. Kh2 Qb6 47.
Qg4 Qe3 48. Qxd1 1-0

[Event "Albena Masters op"]
[Site "Albena"]
[Date "2014.06.04"]
[Round "4"]
[White "Petrosyan, Tigran S"]
[Black "Bochev, Krasimir"]
[Result "1-0"]
[WhiteElo "2416"]
[BlackElo "2077"]
[PlyCount "61"]
[EventDate "2014.06.01"]
[EventType "swiss"]
[EventRounds "9"]
[EventCountry "BUL"]
[SourceTitle "CBM 160 Extra"]
[Source "ChessBase"]
[SourceDate "2014.07.01"]
[SourceVersion "1"]
[SourceVersionDate "2014.07.01"]
[SourceQuality "1"]

1. Nf3 g6 2. d4 Bg7 3. c4 Nf6 4. g3 O-O 5. Bg2 c5 6. d5 d6 7. Nc3 e6 8. O-O
exd5 9. cxd5 Na6 10. Nd2 Nc7 11. a4 Rb8 12. Nc4 b6 13. Bf4 Nfe8 14. Ne4 Ba6 15.
Ncxd6 Nxd6 16. Bxd6 Re8 17. Bf4 Be5 18. Bxe5 Rxe5 19. Nc3 Ne8 20. Re1 f5 21. f4
Re7 22. e4 fxe4 23. Nxe4 Nd6 24. Nxd6 Qxd6 25. Rxe7 Qxe7 26. d6 Qf6 27. Qd5+
Kf8 28. Re1 Rd8 29. d7 Qd4+ 30. Qxd4 cxd4 31. Bc6 1-0